000 01032nam a2200265Ia 4500
003 OSt
005 20220930094703.0
006 a|||||r|||| 00| 0
007 ta
008 220926b |||||||| |||| 00| 0 hin d
024 _a121473
037 _cTheses
040 _aCRL
_cCRL
_bhin
041 _2hin
_ahin
100 _aशर्मा, मनोरमा, ले.
110 _aदिल्ली विश्वविद्यालय. संकाय कला. हिन्दी विभाग
245 0 _aउदयशंकर भट्ट
_b व्यक्त्वि और कृतित्व
246 _aUdayashankar bhaṭṭa : vyaktvi aur kṛutitva
260 _c1969
300 _a574पृ0
_ap.
_ccm.
650 _aहिन्दी साहित्य
700 _aदिल्ली विश्वविद्यालय. संकाय कला. हिन्दी विभाग
942 _cDIS
_2CC
999 _c887512
_d887512